| 000 | 00424nam a22001457a 4500 | ||
|---|---|---|---|
| 020 | _a978-1-266-81687-7 | ||
| 082 | _a004.078 | ||
| 100 | _aO'Leary Timothy J. | ||
| 245 |
_aComputing Essentials 2025: _bMaking IT Work for You |
||
| 260 |
_aNew York _bMcGraw Hill _c2024 |
||
| 300 |
_a389 p,; ill,; 28cm _bIncludes Bibliographic Refernces and Index |
||
| 700 | _aO'Leary Daniel A. | ||
| 700 | _aO'Leary Linda I. | ||
| 942 | _cBK | ||
| 999 |
_c22239 _d22239 |
||